Religion and contemporary sociological theories /

محفوظ في:
التفاصيل البيبلوغرافية
المؤلف الرئيسي: Turner, Bryan S
التنسيق: نص
الوسوم: إضافة وسم
لا توجد وسوم, كن أول من يضع وسما على هذه التسجيلة!

MARC

LEADER 00000 a a2200000 04500
001 47233
003
040
100 |a Turner, Bryan S  
245 |a Religion and contemporary sociological theories /  |c Bryan S Turner  
773 |g volumen62, número6, (2014), páginas 771-788  
999 |c 21480  |d 21480